[Event "Wch Blitz"]
[Site "Samarkand"]
[Date "2023.12.30"]
[Round "14"]
[White "Chinguun, Sumiya"]
[Black "Asadli, Vugar Afgan Oglu"]
[Result "0-1"]
[WhiteElo "2319"]
[BlackElo "2562"]
[PlyCount "102"]
[EventDate "2023.12.29"]
[EventType "swiss (blitz)"]
[EventRounds "21"]
[EventCountry "UZB"]
[SourceTitle "CB01_2024"]
[SourceDate "2024.01.03"]
[SourceVersion "1"]
[SourceVersionDate "2024.01.03"]
[SourceQuality "1"]

1. e4 c5 2. Nc3 Nc6 3. Bb5 Nd4 4. Nf3 e6 5. 0-0 a6 6. Bd3 Nc6 7. Re1 g5 8. g3 Bg7 9. Bf1 g4 10. Nh4 h5 11. Nd5 d6 12. Ne3 Nge7 13. c3 Bf6 14. Neg2 b6 15. d3 Bb7 16. Be3 d5 17. Bf4 dxe4 18. dxe4 Qxd1 19. Raxd1 Rd8 20. Ne3 b5 21. Nd5 exd5 22. exd5 Bxh4 23. gxh4 0-0 24. dxc6 Rxd1 25. Rxd1 Bxc6 26. Rd6 Bf3 27. Bd3 c4 28. Bc2 Re8 29. Bd1 Ng6 30. Be3 Bxd1 31. Rxd1 Nxh4 32. Rd6 f5 33. Rf6 Rd8 34. Bd4 Re8 35. Kf1 Nf3 36. Be3 Rd8 37. Bd4 Nxd4 38. cxd4 Rxd4 39. Rxf5 Rd2 40. Rxh5 Rxb2 41. Rg5+ Kf7 42. a4 c3 43. axb5 c2 44. Rc5 Rb1+ 45. Kg2 c1Q 46. Rxc1 Rxc1 47. bxa6 Kf6 48. Kg3 Kf5 49. f3 Rc3 50. a7 Rxf3+ 51. Kg2 Ra3 0-1

[Event "Wch Blitz"]
[Site "Samarkand"]
[Date "2023.12.29"]
[Round "11"]
[White "Madaminov, Mukhiddin"]
[Black "Chinguun, Sumiya"]
[Result "1-0"]
[WhiteElo "2494"]
[BlackElo "2319"]
[PlyCount "90"]
[EventDate "2023.12.29"]
[EventType "swiss (blitz)"]
[EventRounds "21"]
[EventCountry "UZB"]
[SourceTitle "CB01_2024"]
[SourceDate "2024.01.03"]
[SourceVersion "1"]
[SourceVersionDate "2024.01.03"]
[SourceQuality "1"]

1. e4 c5 2. Nf3 e6 3. d4 cxd4 4. Nxd4 a6 5. Nc3 Qc7 6. g3 d6 7. Bg2 Nf6 8. 0-0 Be7 9. Re1 Nc6 10. Nxc6 bxc6 11. e5 dxe5 12. Rxe5 0-0 13. Re1 Bb7 14. Qe2 c5 15. Bf4 Qb6 16. Na4 Qa7 17. c4 Bxg2 18. Kxg2 Qb7+ 19. Qf3 Qb4 20. b3 Rfd8 21. Rad1 h6 22. Bc7 Re8 23. Re2 Rac8 24. Be5 Red8 25. Bc3 Qb8 26. Red2 Rxd2 27. Rxd2 Qa8 28. Qxa8 Rxa8 29. Bxf6 gxf6 30. Rd7 Kf8 31. Kf3 Ke8 32. Rb7 Rd8 33. Ke2 Rd7 34. Rb6 Rd6 35. Rb8+ Rd8 36. Rxd8+ Kxd8 37. g4 Kc7 38. Nb2 Kd6 39. Nd3 e5 40. Kf3 Ke6 41. Ke4 Bf8 42. h3 h5 43. f3 Be7 44. Ne1 Bf8 45. Ng2 hxg4 1-0

[Event "Wch Rapid"]
[Site "Samarkand"]
[Date "2023.12.26"]
[Round "1"]
[White "Urazayev, Arystanbek"]
[Black "Chinguun, Sumiya"]
[Result "1-0"]
[WhiteElo "2472"]
[BlackElo "2319"]
[PlyCount "127"]
[EventDate "2023.12.26"]
[EventType "swiss (rapid)"]
[EventRounds "13"]
[EventCountry "UZB"]
[SourceTitle "CB01_2024"]
[SourceDate "2024.01.03"]
[SourceVersion "1"]
[SourceVersionDate "2024.01.03"]
[SourceQuality "1"]

1. e4 c5 2. Nf3 Nc6 3. Bb5 g6 4. 0-0 Bg7 5. Re1 e5 6. Bxc6 dxc6 7. a4 Qe7 8. Na3 Nf6 9. Nc4 Nd7 10. d3 0-0 11. h4 h5 12. Qd2 Re8 13. Qg5 Nf8 14. Qxe7 Rxe7 15. Be3 b6 16. a5 Rb8 17. axb6 axb6 18. Ra3 Bg4 19. Nfd2 Be6 20. Ra6 Reb7 21. Rea1 Nd7 22. Ra7 Bf8 23. Rxb7 Rxb7 24. Ra8 Kg7 25. f4 Be7 26. g3 f6 27. b3 Bg4 28. Kf2 Rc7 29. fxe5 fxe5 30. Bg5 Kf7 31. Bxe7 Kxe7 32. Rh8 Ke6 33. Rh7 Rb7 34. Ne3 Rb8 35. Nxg4 hxg4 36. Rg7 Nf8 37. Nc4 b5 38. Ne3 Ra8 39. Nxg4 c4 40. bxc4 bxc4 41. dxc4 Ra2 42. Ne3 Ra1 43. Kf3 Ra3 44. g4 Kf6 45. Rc7 g5 46. Rxc6+ Ne6 47. h5 Kf7 48. Kf2 Ra2 49. h6 Ra1 50. Nf5 Rc1 51. Kg3 Rg1+ 52. Kh2 Rc1 53. Rxe6 Rxc2+ 54. Kh3 Rc3+ 55. Ng3 Rxc4 56. Rxe5 Rc6 57. Nf5 Rc3+ 58. Kg2 Kg6 59. Re6+ Kh7 60. Re7+ Kg8 61. e5 Kf8 62. e6 Rc6 63. Rf7+ Ke8 64. Ng7+ 1-0

[Event "Wch Rapid"]
[Site "Samarkand"]
[Date "2023.12.26"]
[Round "4"]
[White "Zhalmakhanov, Ramazan"]
[Black "Chinguun, Sumiya"]
[Result "1-0"]
[WhiteElo "2493"]
[BlackElo "2319"]
[PlyCount "75"]
[EventDate "2023.12.26"]
[EventType "swiss (rapid)"]
[EventRounds "13"]
[EventCountry "UZB"]
[SourceTitle "CB01_2024"]
[SourceDate "2024.01.03"]
[SourceVersion "1"]
[SourceVersionDate "2024.01.03"]
[SourceQuality "1"]

1. e4 c5 2. Nc3 Nc6 3. Nf3 g6 4. Bb5 Nd4 5. Nxd4 cxd4 6. Ne2 Bg7 7. 0-0 a6 8. Ba4 b5 9. Bb3 Bb7 10. d3 e6 11. Bd2 Ne7 12. Qe1 0-0 13. f3 a5 14. a4 b4 15. Qf2 f5 16. Qh4 Nc6 17. Qh3 Qe7 18. Rae1 Rae8 19. Nf4 Qc5 20. Re2 Rf7 21. Rfe1 fxe4 22. fxe4 Ref8 23. Rf2 Bc8 24. Ref1 Ne5 25. Qg3 Nc6 26. Nxe6 dxe6 27. Rxf7 Rxf7 28. Rxf7 Kxf7 29. Qc7+ Qe7 30. Qxc6 Qd8 31. Bf4 Bd7 32. Qc7 Bf6 33. Qc5 Bg7 34. g3 Ke8 35. h4 h6 36. Be5 Bf6 37. Qxd4 Qb8 38. Qxd7+ 1-0

[Event "Titled Tuesday intern op 12th Dec Early"]
[Site "Chess.com INT"]
[Date "2023.12.12"]
[Round "1"]
[White "Chinguun, Sumiya"]
[Black "Carrasco Miranda, Andres"]
[Result "1-0"]
[WhiteElo "2319"]
[BlackElo "2237"]
[PlyCount "53"]
[EventDate "2023.12.12"]
[EventType "swiss (blitz)"]
[EventRounds "11"]
[EventCountry "USA"]
[SourceTitle "CB51_2023"]
[SourceDate "2023.12.20"]
[SourceVersion "1"]
[SourceVersionDate "2023.12.20"]
[SourceQuality "1"]

1. e4 e5 2. Nf3 Nc6 3. Bc4 Bc5 4. 0-0 Nf6 5. d3 d6 6. c3 a5 7. a4 Ba7 8. Bg5 h6 9. Bh4 g5 10. Bg3 Be6 11. Nbd2 Qd7 12. Rb1 Bg4 13. Qb3 Bb6 14. Bb5 Be6 15. Qc2 Nh5 16. d4 exd4 17. Nxd4 0-0 18. N2f3 g4 19. Nh4 Bxd4 20. cxd4 Nxd4 21. Qd2 Nxb5 22. axb5 Kg7 23. b6 cxb6 24. Bxd6 Rad8 25. Bxf8+ Kxf8 26. Qxh6+ Ng7 27. Qh8+ 1-0

[Event "Titled Tuesday intern op 12th Dec Early"]
[Site "Chess.com INT"]
[Date "2023.12.12"]
[Round "10"]
[White "Erzhanov, Arman"]
[Black "Chinguun, Sumiya"]
[Result "1-0"]
[WhiteElo "2156"]
[BlackElo "2319"]
[PlyCount "67"]
[EventDate "2023.12.12"]
[EventType "swiss (blitz)"]
[EventRounds "11"]
[EventCountry "USA"]
[SourceTitle "CB51_2023"]
[SourceDate "2023.12.20"]
[SourceVersion "1"]
[SourceVersionDate "2023.12.20"]
[SourceQuality "1"]

1. e4 c5 2. Nf3 Nc6 3. Bb5 g6 4. 0-0 Bg7 5. c3 e5 6. d4 cxd4 7. cxd4 exd4 8. Bf4 Nge7 9. Bd6 0-0 10. Nbd2 a6 11. Bc4 b5 12. Bd5 Nxd5 13. Bxf8 Qxf8 14. exd5 Nb4 15. Nb3 Bb7 16. Nbxd4 Nxd5 17. Qd2 Nf6 18. Rfe1 Ne4 19. Qf4 Nc5 20. Rad1 Ne6 21. Nxe6 dxe6 22. Rd7 Bc6 23. Rc7 Bxf3 24. Qxf3 Bxb2 25. Rxf7 Qxf7 26. Qxa8+ Kg7 27. Qxa6 Bd4 28. Re2 Qf4 29. g3 Qc1+ 30. Kg2 Qc4 31. Qxe6 Qc5 32. Qe7+ Qxe7 33. Rxe7+ Kg8 34. Rb7 1-0

[Event "Titled Tuesday intern op 12th Dec Early"]
[Site "Chess.com INT"]
[Date "2023.12.12"]
[Round "4"]
[White "Pourkashiyan, Atousa"]
[Black "Chinguun, Sumiya"]
[Result "0-1"]
[WhiteElo "2259"]
[BlackElo "2319"]
[PlyCount "64"]
[EventDate "2023.12.12"]
[EventType "swiss (blitz)"]
[EventRounds "11"]
[EventCountry "USA"]
[SourceTitle "CB51_2023"]
[SourceDate "2023.12.20"]
[SourceVersion "1"]
[SourceVersionDate "2023.12.20"]
[SourceQuality "1"]

1. e4 c5 2. Nf3 Nc6 3. d4 cxd4 4. Nxd4 g6 5. c4 Nf6 6. Nc3 Nxd4 7. Qxd4 d6 8. Bg5 Bg7 9. Qd2 0-0 10. Be2 a5 11. 0-0 a4 12. Bd3 Qa5 13. Bh6 Be6 14. Bxg7 Kxg7 15. Rac1 Rfc8 16. b3 axb3 17. axb3 Qb4 18. f4 Qxb3 19. Rb1 Qa3 20. Rxb7 Bxc4 21. e5 dxe5 22. fxe5 Qc5+ 23. Kh1 Qxe5 24. Bxc4 Rxc4 25. Ne2 Ra1 26. Rbb1 Rxb1 27. Rxb1 Ng4 28. Ng3 Nxh2 29. Kxh2 Rh4+ 30. Kg1 Qxg3 31. Qb2+ e5 32. Qc2 Qe3+ 0-1

[Event "Titled Tuesday intern op 14th Nov Early"]
[Site "Chess.com INT"]
[Date "2023.11.14"]
[Round "3"]
[White "Chinguun, Sumiya"]
[Black "Baskakov, Egor"]
[Result "0-1"]
[WhiteElo "2319"]
[BlackElo "2215"]
[PlyCount "164"]
[EventDate "2023.11.14"]
[EventType "swiss (blitz)"]
[EventRounds "11"]
[EventCountry "USA"]
[SourceTitle "CB47_2023"]
[SourceDate "2023.11.22"]
[SourceVersion "1"]
[SourceVersionDate "2023.11.22"]
[SourceQuality "1"]

1. e4 c5 2. Nf3 Nf6 3. e5 Nd5 4. c3 Nc6 5. d4 cxd4 6. cxd4 g6 7. Nc3 Nxc3 8. bxc3 Bg7 9. Bb5 0-0 10. 0-0 d6 11. exd6 Qxd6 12. Re1 h6 13. Be3 Rd8 14. Qc1 Kh7 15. Bf4 Qf6 16. Ne5 Bd7 17. Nxd7 Rxd7 18. Be5 Qf5 19. Bxg7 Kxg7 20. Ba4 e6 21. h3 Rc8 22. Rb1 Rdc7 23. Qd2 Qf6 24. Re3 Na5 25. Rf3 Qg5 26. Qe1 Nc4 27. Rb5 Qd2 28. Qe4 Kg8 29. Rxb7 Nd6 30. Rxc7 Nxe4 31. Rxc8+ Kg7 32. Rc7 Ng5 33. Re3 Qxa2 34. Be8 Qa1+ 35. Kh2 Qa5 36. Rc5 Qd8 37. Ba4 Qd6+ 38. Kg1 Nh7 39. Bd1 Nf6 40. Bf3 Qb6 41. g3 a5 42. Re1 a4 43. Ra1 Qb3 44. Kg2 g5 45. Rc7 h5 46. Bd1 Qb2 47. Rxa4 Ne4 48. Kf3 Qb1 49. Be2 g4+ 50. hxg4 hxg4+ 51. Ke3 Nd6 52. Raa7 Qc1+ 53. Kd3 Qb1+ 54. Ke3 Kf6 55. Bxg4 Qe4+ 56. Kd2 Qxg4 57. c4 Qxd4+ 58. Ke1 Qe4+ 59. Kf1 Qh1+ 60. Ke2 Qe4+ 61. Kf1 Kg5 62. c5 Nf5 63. Rxf7 Kg4 64. Ra3 Qh1+ 65. Ke2 Qe4+ 66. Kf1 Qh1+ 67. Ke2 Kg5 68. c6 Qxc6 69. f4+ Kg6 70. Rfa7 Qc2+ 71. Kf3 Qd1+ 72. Kg2 Nd4 73. f5+ Kg5 74. R7a5 Qe2+ 75. Kh3 exf5 76. R5a4 Qf1+ 77. Kh2 Nf3+ 78. Rxf3 Qxf3 79. Rh4 Qf2+ 80. Kh3 Qe2 81. Rf4 Kf6 82. Kh4 Qh2# 0-1

[Event "Wch U18"]
[Site "Mamaia"]
[Date "2022.09.10"]
[Round "5"]
[White "Fecker, Noah"]
[Black "Chinguun, Sumiya"]
[Result "0-1"]
[WhiteElo "2382"]
[BlackElo "2269"]
[PlyCount "98"]
[EventDate "2022.09.06"]
[EventType "swiss"]
[EventRounds "11"]
[EventCountry "ROU"]
[SourceTitle "CBM 210 Extra"]
[Source "ChessBase"]
[SourceDate "2022.11.30"]
[SourceVersion "1"]
[SourceVersionDate "2022.11.30"]
[SourceQuality "1"]

1. e4 c5 2. Nf3 d6 3. Bb5+ Bd7 4. c4 Nf6 5. Nc3 g6 6. Bxd7+ Nbxd7 7. d3 Bg7 8. h3 0-0 9. Be3 a6 10. Qd2 Qa5 11. 0-0 b5 12. Rac1 Rfd8 13. b3 Nb8 14. Nh2 Nc6 15. f4 bxc4 16. dxc4 Nh5 17. Rfe1 Nd4 18. Nf1 e6 19. Kh2 Qb4 20. Qd3 Qb8 21. Ne2 Nc6 22. g4 Nf6 23. Nfg3 a5 24. Nc3 Nd4 25. Kg2 Qb7 26. g5 Nd7 27. Kf2 a4 28. Nxa4 Nb6 29. Nc3 d5 30. cxd5 exd5 31. e5 Ne6 32. Bd2 c4 33. Qf3 Nc5 34. bxc4 dxc4 35. Nge4 Nd3+ 36. Kf1 Qa6 37. Rb1 Nxe1 38. Bxe1 Na4 39. Nxa4 Qxa4 40. Nc3 Qc2 41. Rb7 Rd3 42. Qc6 Rxc3 43. Rxf7 Qd3+ 44. Kg1 Kxf7 45. Qb7+ Ke6 46. Qxa8 Qd4+ 47. Kh1 Rc1 48. Qg8+ Kf5 49. Qf7+ Ke4 0-1

[Event "Eastern Asia-ch U16"]
[Site "Tornelo INT"]
[Date "2021.10.31"]
[Round "9"]
[White "Chinguun, Sumiya"]
[Black "Pranav, V."]
[Result "1-0"]
[WhiteElo "2022"]
[BlackElo "2177"]
[PlyCount "165"]
[EventDate "2021.10.29"]
[EventType "swiss"]
[EventRounds "9"]
[EventCountry "NET"]
[SourceTitle "CBM 205 Extra"]
[Source "ChessBase"]
[SourceDate "2022.01.31"]
[SourceVersion "1"]
[SourceVersionDate "2022.01.31"]
[SourceQuality "1"]

1. e4 e5 2. Nf3 Nc6 3. Bc4 Nf6 4. d3 Be7 5. 0-0 0-0 6. c3 d6 7. Re1 Na5 8. Bb5 a6 9. Ba4 b5 10. Bc2 c5 11. Nbd2 Nc6 12. Nf1 Re8 13. Ng3 Bf8 14. d4 cxd4 15. cxd4 Bg4 16. Be3 Bxf3 17. gxf3 g6 18. dxe5 dxe5 19. Qxd8 Raxd8 20. Red1 Nd4 21. Bxd4 exd4 22. Ne2 Nh5 23. Rxd4 Rxd4 24. Nxd4 Nf4 25. Rd1 Rc8 26. Bb3 Bg7 27. Kf1 Bxd4 28. Rxd4 Rc7 29. Ke1 Kg7 30. Kd2 g5 31. Rd6 a5 32. Bd5 b4 33. Bb3 h6 34. Ba4 Rc5 35. Rd7 Ng6 36. Bb3 Ne5 37. Ra7 h5 38. Ke3 Rc1 39. f4 gxf4+ 40. Kxf4 Rc5 41. Bd5 Ng6+ 42. Ke3 Nh8 43. Bb3 Rg5 44. Kf3 Rc5 45. Rd7 Kf6 46. Ke3 Rg5 47. Rd5 Rxd5 48. Bxd5 Ng6 49. f4 Ke7 50. e5 f6 51. Be4 Nf8 52. Bf5 a4 53. h4 a3 54. bxa3 bxa3 55. Kd4 fxe5+ 56. fxe5 Ne6+ 57. Bxe6 Kxe6 58. Ke4 Ke7 59. Kf5 Kf7 60. e6+ Ke7 61. Ke5 Ke8 62. Kf6 Kf8 63. Kg5 Ke7 64. Kxh5 Kxe6 65. Kg6 Kd5 66. h5 Kc4 67. h6 Kc3 68. h7 Kb2 69. h8Q+ Kxa2 70. Qh2+ Kb1 71. Qg1+ Kb2 72. Qd4+ Kb3 73. Qb6+ Kc2 74. Qa5 Kb2 75. Qb4+ Ka2 76. Kf5 Ka1 77. Qxa3+ Kb1 78. Qb3+ Ka1 79. Qb5 Ka2 80. Ke4 Ka1 81. Kd3 Ka2 82. Kc2 Ka1 83. Qb1# 1-0

[Event "Eastern Asia-ch U16"]
[Site "Tornelo INT"]
[Date "2021.10.31"]
[Round "8"]
[White "Zaheri, Mehran"]
[Black "Chinguun, Sumiya"]
[Result "0-1"]
[WhiteElo "1552"]
[BlackElo "2022"]
[PlyCount "102"]
[EventDate "2021.10.29"]
[EventType "swiss"]
[EventRounds "9"]
[EventCountry "NET"]
[SourceTitle "CBM 205 Extra"]
[Source "ChessBase"]
[SourceDate "2022.01.31"]
[SourceVersion "1"]
[SourceVersionDate "2022.01.31"]
[SourceQuality "1"]

1. d4 Nf6 2. c4 g6 3. Nc3 Bg7 4. e4 d6 5. f4 0-0 6. Be2 c5 7. d5 b5 8. e5 Ne8 9. Nf3 bxc4 10. Bxc4 Nd7 11. Qe2 Nb6 12. Bb3 a5 13. a4 Ba6 14. Qe4 Nc7 15. Be3 Rb8 16. Nd2 Nd7 17. e6 fxe6 18. dxe6 Nf6 19. Qf3 Rb4 20. g4 Bb7 21. Qf1 Bxh1 22. Qxh1 Nxg4 23. Bg1 Rfxf4 24. h3 Ne5 25. 0-0-0 Qb8 26. Be3 Rf8 27. Kc2 c4 28. Nxc4 Rxb3 29. Nxe5 Rxb2+ 30. Kd3 Bxe5 31. Bd4 Bxd4 32. Kxd4 Qb4+ 33. Kd3 Rb3 34. Rc1 d5 35. Qh2 Rf3+ 36. Ke2 Rbxc3 37. Rxc3 Qxc3 38. Qg2 Qd3+ 39. Ke1 Re3+ 40. Kf2 Re2+ 41. Kg1 Rxg2+ 42. Kxg2 Qe2+ 43. Kg3 d4 44. h4 Nd5 45. h5 g5 46. h6 d3 47. Kh3 d2 48. Kg3 d1N 49. Kh3 N1e3 50. Kg3 Nf1+ 51. Kh3 Nf4# 0-1